| 000 | 00493cam a2200193ua 4500 | ||
|---|---|---|---|
| 020 |
_a81-85167-17-6 _c150.00 |
||
| 041 |
_aeng _h |
||
| 082 |
_a628.52 _bLOD/PE |
||
| 100 | _aLodha, R.M . | ||
| 245 |
_aPesticides and environmental pollution / _cR.M.Lodha. _hTextual Documents |
||
| 250 |
_a1 / _b. |
||
| 260 |
_a : _bHimanshu publications , _c1989. |
||
| 300 | _a121 ; . | ||
| 365 | _a150.00 | ||
| 504 | _a | ||
| 700 | 1 | _aVandana, Saxena . | |
| 942 | _cBK | ||
| 999 |
_c2300 _d2300 |
||